000 01673cam a22004814i 4500
003 PE-LiUPU
005 20250731173336.0
008 150706s2007 miua rb 000 0 eng d
020 _a0801031281
035 _a(Sirsi) i9780801031281
040 _aPE-LiUPU
_bspa
_cPE-LiUPU
_erda
049 _aPRUA
082 0 4 _a227.507
_bT16
_221
100 1 _aTalbert, Charles H.,
_eautor.
245 1 0 _aEphesians and Colossians /
_cCharles H. Talbert.
264 1 _aGrand Rapids, Michigan :
_bBaker Academic,
_c2007.
300 _a296 páginas :
_bilustraciones ;
_c23 centímetros
336 _atext
_2rdacontent
337 _aunmediated
_2rdamedia
338 _avolume
_2rdacarrier
504 _aIncluye bibliografía.
505 0 _aEphesians -- Colossians.
526 _aSEG42
526 _aSEG41
526 _aSEG40
526 _aSEG39
526 _aP94
526 _aP87
526 _aP86
526 _aP85
526 _aP77
526 _aP76
526 _aP35
541 _g104-3776787-4588217;
630 _aBiblia.
_pN .T.
_pColosenses
_xComentarios.
630 _aBiblia.
_pN.T.
_pEfesios
_xComentarios.
910 _agl
_bjv
_clch
_d20090807
942 _2ddc
_cBOOK
949 _a227.507 T16
_wDEWEY
_c1
_i59783
_d2016-6-10
_e2016-6-5
_lCCODEBUL1
_mBUL
_n2
_p19.00
_r0
_sY
_tBOOK
_u2015-7-6
_xTEOLOGIA
_PP85
_0COMPRA
_o.STAFF. Colección General
994 _aC0
_bPEPRU
596 _a1
999 _a227.507 T16
_wDEWEY
_c49314
_i59783
_d49314
_e2016-6-5
_f2021-11-9
_g5
_lCCODEBUL1
_mBUL
_n2
_p19.00
_q7
_r0
_sY
_tBOOK
_u2015-7-6
_xTEOLOGIA
_PP85
_0COMPRA
_o.STAFF. Colección Teología
980 _81
_gALBERTO SANCHEZ Responsable de Automatización